Newnes UNIX pocket book /

Đã lưu trong:
書目詳細資料
主要作者: Porter, David A.
格式: 圖書
語言:English
出版: Oxford : Newnes, 1998
版:3rd ed.
主題:
標簽: 添加標簽
沒有標簽, 成為第一個標記此記錄!
Thư viện lưu trữ: Mạng thư viện Đại học Đà Nẵng
LEADER 00841cam a2200349 i 4500
001 000045461
003 4640
005 20021115511145.0
008 010220|1998 vm 000 eng
020 |a 0750641088 
040 |a IRC  |c IRC  |d IRC 
041 0 |a eng 
082 1 4 |a 005.43  |b HE-S 
100 1 |a Porter, David A. 
245 0 0 |a Newnes UNIX pocket book /  |c David A. Porter 
250 |a 3rd ed. 
260 |a Oxford :  |b Newnes,  |c 1998 
300 |a x, 340p. :  |b ill. 
630 0 4 |a UNIX 
650 0 4 |a Operating systems (Computers) 
650 0 4 |a UNIX system V (Computer file) 
OWN |a DUT 
049 0 0 |a mt 
999 |a From the UDN01 
TYP |a Monograph 
TYP |a Printed language 
980 |a Mạng thư viện Đại học Đà Nẵng